000 00709nam a2200241 a 4500
001 8825
003 BD-RjUL
005 20211208234647.0
008 161206s1966 enka b 011 0 eng
035 _a(BD-RjUL)8870
040 _aDLC/ICU
_cICU
_dDLC
_dBD-RjUL
_beng
041 _aeng
082 0 0 _a536.73
_bDUE
_223
100 1 _aDugdale, J. S.
_q(John Sydney)
_927429
245 1 0 _aEntropy and low temperature physics
_c[by] J.S. Dugdale.
260 _aLondon :
_bHutchinson,
_cc1966.
300 _a206 p. :
_btables, diagrs. ;
_c22 cm.
504 _aIncludes Bibliography: p. [201] and index.
650 0 _aEntropy.
_926909
650 0 _aLow temperatures.
_927055
942 _2ddc
_cBK
_01
999 _c8825
_d8825